<?xml version="1.0" encoding="UTF-8"?>
<collection xmlns="http://www.loc.gov/MARC21/slim">
 <record>
  <leader>05376nam a2200337 a 4500</leader>
  <controlfield tag="001">kal189</controlfield>
  <controlfield tag="003">Gr-AtHEAL</controlfield>
  <controlfield tag="005">20160422075954.0</controlfield>
  <controlfield tag="006">m        d        </controlfield>
  <controlfield tag="008">160413s2015    gr      s           gre|c</controlfield>
  <datafield tag="020" ind1=" " ind2=" ">
   <subfield code="a">9789606030505</subfield>
  </datafield>
  <datafield tag="040" ind1=" " ind2=" ">
   <subfield code="a">GR-AtHEAL</subfield>
   <subfield code="b">gre</subfield>
   <subfield code="c">GR-AtHEAL</subfield>
  </datafield>
  <datafield tag="082" ind1="0" ind2="4">
   <subfield code="a">530.124</subfield>
   <subfield code="2">23</subfield>
  </datafield>
  <datafield tag="100" ind1="1" ind2=" ">
   <subfield code="a">Παπαδογιάννης, Νεκτάριος.</subfield>
   <subfield code="8">753</subfield>
  </datafield>
  <datafield tag="245" ind1="1" ind2="0">
   <subfield code="a">Κυματική Φυσική</subfield>
   <subfield code="h">[Ηλεκτρονικός πόρος] </subfield>
   <subfield code="b">Για μηχανικούς ήχου και ακουστικής</subfield>
   <subfield code="c">Παπαδογιάννης, Νεκτάριος ; Μπακαρέζος, Ευθύμιος ; Κριτικός αναγνώστης,Μπενής, Εμμανουήλ ; Γλωσσική επιμέλεια,Νίκα, Ελένη.</subfield>
  </datafield>
  <datafield tag="260" ind1=" " ind2=" ">
   <subfield code="a">Αθήνα :</subfield>
   <subfield code="b">Σύνδεσμος Ελληνικών Ακαδημαϊκών Βιβλιοθηκών,</subfield>
   <subfield code="c">c2015.</subfield>
  </datafield>
  <datafield tag="490" ind1=" " ind2=" ">
   <subfield code="a">Ακαδημαϊκά Ηλεκτρονικά Συγγράμματα και Βοηθήματα Κάλλιπος</subfield>
   <subfield code="8">40</subfield>
  </datafield>
  <datafield tag="520" ind1=" " ind2=" ">
   <subfield code="a">Στόχος του συγγράμματος είναι να εισάγει τις βασικές έννοιες της κυματικής φυσικής με παραδείγματα, εφαρμογές και εργαστηριακές ασκήσεις. Οι έννοιες αυτές είναι απαραίτητες σε εισαγωγικό προπτυχιακό επίπεδο τμημάτων μηχανικών ήχου και ακουστικής καθώς και ευρύτερα τμημάτων που ασχολούνται με την μουσική τεχνολογία και τις τέχνες του ήχου.Στα πρώτα κεφάλαια εισάγονται οι έννοιες της κινητικής και δυναμικής θεωρίας σωμάτων με την χρήση βασικών αρχών απειροστικού λογισμού. Στη συνέχεια παρουσιάζονται οι βασικές αρχές των περιοδικών κινήσεων, των απλών αρμονικών ταλαντώσεων, η επαλληλία αυτών σε μια και δυο διαστάσεις, οι αποσβένουσες και εξαναγκασμένες ταλαντώσεις και το φαινόμενο του συντονισμού. Έπειτα γίνεται μια εισαγωγή στη κυματική φυσική με τον ορισμό, τα βασικά φυσικά μεγέθη κυμάτων και τα βασικά είδη των κυματικών διαταραχών. Παρουσιάζονται οι έννοιες της κυματικής συνάρτησης και της γενικής εξίσωσης μονοδιάστατων κυμάτων για μονοδιάστατα κύματα, της ταχύτητας, ενέργειας και ισχύος αυτών. Επίσης εισάγονται οι έννοιες των κανονικών τρόπων ταλάντωσης και των χαρακτηριστικών συχνοτήτων (ιδιοσυχνότητες). Ακολουθεί η ανάλυση βασικών κυματικών φαινομένων που αφορούν στην επαλληλία και συμβολή κυμάτων, στην ανάλυση κυμάτων κατά Fourier, στην δημιουργία στάσιμων κυμάτων και στον συντονισμό, στην μελέτη κυμάτων χορδής σε συνοριακή επιφάνεια και στο φαινόμενο Doppler.Εξειδικεύοντας στα ηχητικά κύματα, παρουσιάζονται οι έννοιες των κυμάτων μετατόπισης και ακουστικής πίεσης, η επαλληλία τους σε σωλήνες και μεμβράνες, τα είδη ηχητικών κυμάτων όσο αφορά στην γεωμετρία της πηγής και στην διάδοσή τους (επίπεδα, κυλινδρικά και σφαιρικά) στον ελεύθερο χώρο και εισάγεται η έννοια της έντασης του ήχου και η κλίμακα των decibel (dB) έντασης. Τέλος ακολουθούν πλήρη παραδείγματα εργαστηριακών ασκήσεων βασισμένα σε εμπορικά διαθέσιμο εξοπλισμό που στοχεύουν στην κατανόηση των παραπάνω ενοτήτων.</subfield>
  </datafield>
  <datafield tag="650" ind1=" " ind2="0">
   <subfield code="a">Wave mechanics</subfield>
   <subfield code="8">2022</subfield>
  </datafield>
  <datafield tag="653" ind1=" " ind2=" ">
   <subfield code="a">Εργαστηριακές ασκήσεις</subfield>
  </datafield>
  <datafield tag="653" ind1=" " ind2=" ">
   <subfield code="a">Ήχος</subfield>
  </datafield>
  <datafield tag="653" ind1=" " ind2=" ">
   <subfield code="a">Κύματα</subfield>
  </datafield>
  <datafield tag="653" ind1=" " ind2=" ">
   <subfield code="a">Ταλαντώσεις</subfield>
  </datafield>
  <datafield tag="653" ind1=" " ind2=" ">
   <subfield code="a">Φυσική</subfield>
   <subfield code="a">Γενική φυσική</subfield>
  </datafield>
  <datafield tag="700" ind1="1" ind2=" ">
   <subfield code="a">Μπακαρέζος, Ευθύμιος</subfield>
   <subfield code="e">Συγγραφέας</subfield>
   <subfield code="8">754</subfield>
  </datafield>
  <datafield tag="700" ind1="1" ind2=" ">
   <subfield code="a">Μπένης, Εμμανουήλ</subfield>
   <subfield code="e">Κριτικός αναγνώστης</subfield>
   <subfield code="8">755</subfield>
  </datafield>
  <datafield tag="856" ind1="4" ind2="0">
   <subfield code="u">http://hdl.handle.net/11419/189</subfield>
   <subfield code="z">Πλήρες Κείμενο - Full text</subfield>
  </datafield>
  <datafield tag="907" ind1=" " ind2=" ">
   <subfield code="a">.b25679132</subfield>
   <subfield code="b">12-06-18</subfield>
   <subfield code="c">29-07-16</subfield>
  </datafield>
  <datafield tag="949" ind1=" " ind2=" ">
   <subfield code="0">0</subfield>
   <subfield code="1">0</subfield>
   <subfield code="2">ddc</subfield>
   <subfield code="4">0</subfield>
   <subfield code="6">530_124000000000000_ΠΑΠ</subfield>
   <subfield code="7">0</subfield>
   <subfield code="8">KALL</subfield>
   <subfield code="8">672</subfield>
   <subfield code="d">2016-04-13</subfield>
   <subfield code="r">2016-04-13</subfield>
   <subfield code="w">2016-04-13</subfield>
   <subfield code="z">530.124 ΠΑΠ</subfield>
   <subfield code="o">SEAB KALLIPOS</subfield>
  </datafield>
  <datafield tag="998" ind1=" " ind2=" ">
   <subfield code="a">80</subfield>
   <subfield code="a">01</subfield>
   <subfield code="a">02</subfield>
   <subfield code="a">03</subfield>
   <subfield code="a">04</subfield>
   <subfield code="a">05</subfield>
   <subfield code="a">06</subfield>
   <subfield code="a">07</subfield>
   <subfield code="a">08</subfield>
   <subfield code="a">09</subfield>
   <subfield code="a">10</subfield>
   <subfield code="a">11</subfield>
   <subfield code="a">12</subfield>
   <subfield code="a">13</subfield>
   <subfield code="a">14</subfield>
   <subfield code="a">15</subfield>
   <subfield code="a">16</subfield>
   <subfield code="a">17</subfield>
   <subfield code="a">18</subfield>
   <subfield code="a">19</subfield>
   <subfield code="a">20</subfield>
   <subfield code="a">21</subfield>
   <subfield code="a">23</subfield>
   <subfield code="a">24</subfield>
   <subfield code="a">25</subfield>
   <subfield code="a">26</subfield>
   <subfield code="b">15-05-17</subfield>
   <subfield code="c">m</subfield>
   <subfield code="d">z  </subfield>
   <subfield code="e">-</subfield>
   <subfield code="f">gre</subfield>
   <subfield code="g">gr </subfield>
   <subfield code="h">0</subfield>
  </datafield>
  <datafield tag="942" ind1=" " ind2=" ">
   <subfield code="2">ddc</subfield>
   <subfield code="c">KALLIPOS</subfield>
  </datafield>
 </record>
</collection>
